Länder Südafrikas - Statistiken

Allgemein
  • Dieses Quiz wurde 21 mal gespielt
  • Das Durchschnittsergebnis liegt bei 13 aus 17
Antwortstatistiken
Land % Korrekt
Südafrika
100%
Namibia
89%
Tansania
84%
Angola
79%
Botswana
79%
Demokratische Republik Kongo
79%
Lesotho
79%
Mosambik
79%
Republik Kongo
79%
Sambia
79%
Eswatini
74%
Madagaskar
74%
Malawi
74%
Simbabwe
74%
Komoren
58%
Mauritius
53%
Seychellen
47%
Keine übereinstimmenden Quizze gefunden
Verteilung der Resultate
Anzahl Personen mit jedem Resultat
Perzentil nach korrekt beantworteten Fragen
Ihre Resultats-Entwicklung
Sie haben dieses Quiz noch nicht gespielt